Resistance to exercise : (Record no. 10385)

MARC details
000 -LEADER
fixed length control field 00752cam a22002294a 4500
001 - CONTROL NUMBER
control field 12437965
003 - CONTROL NUMBER IDENTIFIER
control field OSt
005 - DATE AND TIME OF LATEST TRANSACTION
control field 20230531120829.0
008 - FIXED-LENGTH DATA ELEMENTS--GENERAL INFORMATION
fixed length control field 010609s2002 ilua b 001 0 eng
020 ## - INTERNATIONAL STANDARD BOOK NUMBER
International Standard Book Number 0880118806
040 ## - CATALOGING SOURCE
Original cataloging agency DDC
Transcribing agency GU
Modifying agency TOD
Language of cataloging ENG
082 00 - DEWEY DECIMAL CLASSIFICATION NUMBER
Classification number 613.71 MCE
100 1# - MAIN ENTRY--PERSONAL NAME
Personal name McElroy, Mary,
Dates associated with a name 1952-
245 10 - TITLE STATEMENT
Title Resistance to exercise :
Remainder of title a social analysis of inactivity /
Statement of responsibility, etc. Mary McElroy.
260 ## - PUBLICATION, DISTRIBUTION, ETC. (IMPRINT)
Place of publication, distribution, etc. Champaign, IL :
Name of publisher, distributor, etc. Human Kinetics,
Date of publication, distribution, etc. c2002.
300 ## - PHYSICAL DESCRIPTION
Extent x, 349 p. :
Other physical details ill. ;
Dimensions 24 cm.
504 ## - BIBLIOGRAPHY, ETC. NOTE
Bibliography, etc Includes bibliographical references (p. 301-337) and index.
650 #0 - SUBJECT ADDED ENTRY--TOPICAL TERM
Topical term or geographic name as entry element Exercise
General subdivision Social aspects.
650 #0 - SUBJECT ADDED ENTRY--TOPICAL TERM
Topical term or geographic name as entry element Physical fitness
General subdivision Social aspects.
650 #0 - SUBJECT ADDED ENTRY--TOPICAL TERM
Topical term or geographic name as entry element Physical education and training
General subdivision Social aspects.
942 ## - ADDED ENTRY ELEMENTS (KOHA)
Source of classification or shelving scheme Dewey Decimal Classification
Koha item type Book
Holdings
Withdrawn status Lost status Source of classification or shelving scheme Damaged status Not for loan Home library Current library Shelving location Date acquired Source of acquisition Inventory number Total Checkouts Full call number Barcode Date last seen Price effective from Koha item type
    Dewey Decimal Classification     Main Library West Wing Main Library West Wing General Stacks 31/05/2023 Donation 0008470   613.71 MCE GU-MLW23051874 31/05/2023 31/05/2023 Book
    Dewey Decimal Classification     Main Library West Wing Main Library West Wing General Stacks 31/05/2023 Donation 0008472   613.71 MCE GU-MLW23052011 31/05/2023 31/05/2023 Book

Gulu University Library | Gulu University P.O. Box : 166 Gulu, Uganda
Tel : +256-(0) 4714-32924 or +256-(0) 4714-33988 or +256-(0) 4714-32094 / E-mail : library@gu.ac.ug